000 00702cam a22002171 4500
001 e 32000016
003 DLC
005 20260227111221.0
008 800320s1929 nyu 000 0 eng
010 _ae 32000016
035 _a(OCoLC)6108211
040 _aDLC
_cVi
_dOCoLC
_dDLC
050 0 0 _aHD6250.U3
_bN2 no. 353
110 2 _aNational Child Labor Committee (U.S.)
245 0 4 _aThe work of the National Child Labor Committee, 1904 to 1929.
260 _a[New York, N.Y.,
_bHerald-Nathan Press, inc.,
_c1929?]
300 _a1 p. l., 12 p., 1 l.
_bdiagrs.
_c23 cm.
490 0 _aPublication
_vno. 353
650 0 _aChild labor
_zUnited States.
710 2 _aNational Child Labor Committee (U.S.)
999 _c21166
_d21166